Loading...
| Literature - European Literature | 3 | 7 | 0 | 0 | 115 | 55 | 106.00 | 7 | 10 |
| Literature - British Literature | 2 | 3 | 0 | 1 | 60 | 51 | 109.80 | 3 | 5 |
| Literature - World Literature | 2 | 2 | 0 | 1 | 50 | 77 | 111.75 | 2 | 4 |
| Social Science | 1 | 2 | 0 | 0 | 35 | 66 | 81.00 | 2 | 3 |
| Philosophy | 0 | 2 | 0 | 0 | 20 | 111 | 120.00 | 0 | 2 |
| Science - Physics | 0 | 2 | 0 | 1 | 20 | 93 | 116.50 | 0 | 2 |
| Literature - American Literature | 1 | 1 | 1 | 0 | 20 | 54 | 76.50 | 2 | 2 |
| Fine Arts - Visual Fine Arts | 0 | 2 | 1 | 0 | 15 | 122 | 130.50 | 1 | 2 |
| History - American History | 0 | 1 | 0 | 0 | 10 | 117 | 117.00 | 0 | 1 |
| History - World History | 0 | 1 | 0 | 1 | 10 | 131 | 131.00 | 1 | 1 |
| Religion | 0 | 1 | 0 | 0 | 10 | 113 | 113.00 | 1 | 1 |
| Science - Biology | 0 | 1 | 0 | 1 | 10 | 136 | 136.00 | 0 | 1 |
| Science - Chemistry | 0 | 1 | 0 | 0 | 10 | 111 | 111.00 | 0 | 1 |
| History - Ancient History | 0 | 1 | 0 | 1 | 10 | 153 | 153.00 | 0 | 1 |
| Other Academic | 0 | 0 | 1 | 0 | -5 | 0.00 | 0 | 0 | |
| Science - Other Science | 0 | 0 | 1 | 0 | -5 | 0.00 | 0 | 0 |